000 00488nam a2200193Ia 4500
003 GCL
008 140319s9999 xx 000 0 ara d
040 _aGCL /
_cGCL
082 0 4 _a810.9
_bط ف
100 1 _aطه حسين
245 1 0 _aفى الادب الجاهلى /
_cطه حسين
300 _a355 ص
490 _a
650 0 4 _aالادب العربى
650 0 4 _aالعصر الجاهلى
650 0 4 _aطه حسين
650 0 4 _aتاريخ ونقد
942 _2ddc
_cBK
999 _c40691
_d40691